1683 1496 1872 1258 1657 1232 1159 1984 1696 1904 1494 1411 1964 1295 1079 1086 1222 1934 1979 1430 1614 1987 1391 1131 1304 1716 1084 1293 1997 1793 1508 1837 1463 1823 1964 1076 1916 1350 1033 1393 1516 1136 1237 1648 1018 1308 1321 1255 1917 1224 1331 1457 1364 1553 1287 1736 1056 1404 1300 1527 1493 1845 1981 1597 1178 1777 1121 1757 1040 1884 1256 1131 1490 1607 1587 1109 1969 1894 1054 1846 1311 1743 1856 1920 1810 1223 1421 1379 1889 1702 1118 1555 1765 1035 1940 1051 1504 1684 1294 BCNSPRNW ULIB Ver.6.0+V

เปลี่ยนเป็นภาษาไทย

Change to English
 แสดงรายละเอียดบรรณานุกรม
  กลับหน้าหลัก

Brief Record : Get Marc (ISO 2709) : E-mail record : QR code < ปิดหน้าต่าง
LEADER : 00000nam 2200000uu 4500
001    13399115151
003     ULIB
008    110627s2550||||th 000 0 tha d
020    9749916484
090    นว.^bซ534ข
245 00 ขอที่ว่างข้างๆเธอ/^cซ
250    พิมพ์ครั้งที่ 1
260    กรุงเทพฯ :^bแพรวสำนักพิมพ์,^c2550
300    391 หน้า
710 1  แพรวสำนักพิมพ์
945    ^p275^l0^i021042
995    ทศพร
999 ^a ใช้งานได้ทุกระบบ
รายการนี้ยังไม่มีแท็ก
คุณยังไม่ได้ล็อกอิน คุณสามารถมีกิจกรรมร่วมกับเว็บไซต์ได้ แต่ต้องล็อกอินก่อน ::
  ล็อกอิน

รายการสื่อสารสนเทศ

ลำดับที่ ประเภท เลขเรียก/บาร์โค้ด สถานที่ สถานะ
1. นวนิยาย
นวนิยาย
นว. ซ534ข ฉ.1 
  Barcode: 021042
ห้องสมุดวิทยาเขตสวรรค์ประชารักษ์
►นวนิยาย
บนชั้น
  ขอยืม

BibComment


ยังไม่เคยถูกคอมเมนท์

คอมเมนท์ทรัพยากรรายการนี้
  คอมเมนท์: ขอที่ว่างข้างๆเธอ ซ


 Copyright 2026. Bcnsprnw @Library